|
|
|
|
| LEADER |
00000nam a2200000 4500 |
| 001 |
vtls012265620 |
| 003 |
SK-MaSNL |
| 005 |
20260331212730.0 |
| 008 |
241017s2024 xo oc e c 000 0dslo |
| 015 |
|
|
|a SNBE2024
|
| 020 |
|
|
|a 9788057060871
|q (brožované)
|
| 040 |
|
|
|a SNK
|b slo
|c SNK
|e rda
|
| 041 |
0 |
|
|a slo
|a eng
|
| 043 |
|
|
|a e-xo---
|
| 044 |
|
|
|a xo
|c SK
|
| 072 |
|
7 |
|a 73
|x Sochárstvo, keramika, porcelán, umelecké spracovanie kovov
|2 konspekt
|
| 080 |
|
|
|a (437.6)
|2 2011
|
| 080 |
|
|
|a (083.824)
|2 2011
|
| 080 |
|
|
|a 730(437.6)
|2 2011
|
| 080 |
|
|
|a 741/744(437.6)
|2 2011
|
| 080 |
|
|
|a 730.027
|2 2011
|
| 080 |
|
|
|a 737.2
|2 2011
|
| 100 |
1 |
|
|a Drahoš, Alojz,
|d 1954-
|4 art
|4 pbl
|9 104392
|
| 245 |
1 |
0 |
|a Alojz Drahoš
|b imaginácia - experiment - realita
|c text Dagmar Kodoláni Srnenská ; fotografie Ján Hladík a archív autora
|
| 246 |
3 |
0 |
|a Imaginácia - experiment - realita
|
| 264 |
|
1 |
|a [Bratislava]
|b autor vlastným nákladom
|c [2024]
|
| 300 |
|
|
|a 56 strán
|b fotografie, portréty
|c 30 cm
|
| 336 |
|
|
|a text
|b txt
|2 rdacontent
|
| 336 |
|
|
|a statický obraz
|b sti
|2 rdacontent
|
| 337 |
|
|
|a bez média
|b n
|2 rdamedia
|
| 338 |
|
|
|a zväzok
|b nc
|2 rdacarrier
|
| 500 |
|
|
|a Miesto vydania podľa NA ISBN
|
| 500 |
|
|
|a Životopisné dáta, prehľad výstav
|
| 500 |
|
|
|a Názov z obálky
|
| 546 |
|
|
|a Súbežný text v angličtine
|
| 600 |
1 |
7 |
|a Drahoš, Alojz,
|d 1954-
|2 SNKMA
|9 104392
|
| 648 |
|
7 |
|a 20.-21. storočie
|2 SNKPH
|9 302531
|
| 648 |
|
7 |
|a 20th-21st centuries
|2 SNKPHeng
|9 285312
|
| 650 |
0 |
7 |
|a slovenské sochárstvo
|2 SNKPH
|9 3052
|
| 650 |
0 |
7 |
|a medailérstvo
|2 SNKPH
|9 2737
|
| 650 |
0 |
7 |
|a reliéfy (sochárstvo)
|2 SNKPH
|9 346122
|
| 650 |
0 |
7 |
|a slovenská kresba
|2 SNKPH
|9 88536
|
| 650 |
0 |
7 |
|a Slovak sculpture
|2 SNKPHeng
|9 308551
|
| 650 |
0 |
7 |
|a Reliefs (sculpture)
|2 SNKPHeng
|9 323542
|
| 650 |
0 |
7 |
|a Medal-engraving
|2 SNKPHeng
|9 353111
|
| 650 |
0 |
7 |
|a Slovak drawing
|2 SNKPHeng
|9 314850
|
| 651 |
|
7 |
|a Slovensko
|2 SNKPH
|9 14231
|
| 651 |
|
7 |
|a Slovakia
|2 SNKPHeng
|9 92630
|
| 655 |
|
7 |
|a katalógy výstav
|2 SNKPH
|9 70445
|
| 655 |
|
7 |
|a Exhibition catalogs
|2 SNKPHeng
|9 266232
|
| 700 |
1 |
|
|a Srnenská, Dagmar,
|d 1950-
|4 aut
|9 98501
|
| 700 |
1 |
|
|a Hladík, Ján,
|d 1959-
|4 bkd
|4 pht
|9 245578
|
| 852 |
|
|
|a Slovenská národná knižnica
|
| 919 |
|
|
|a 978-80-570-6087-1
|
| 954 |
|
|
|a obrazové publikácie zamerané na výtvarné umenie a fotografiu pôvodné (slovenské)
|2 lita
|
| 964 |
9 |
|
|a Alojz Drahoš (Bratislava, Slovensko)
|
| 999 |
|
|
|c 788681
|d 790611
|
| 952 |
|
|
|a SNK
|b SNK
|y PREZ
|7 0
|p 17A1551518
|o snkSB 100851
|i snk2024/16058
|8 0
|0 0
|1 0
|4 0
|d 2024-10-17
|f 1
|l 0
|r 2025-05-19 00:00:00
|w 2026-02-24
|